Statistics for Countries of "Europe"

Click here to take the quiz!

General Stats

  • This quiz has been taken 68 times
  • The average score is 33 of 38

Answers on the Map

Answers color-coded by a green-red scale on the quiz's map according to % correct below.
 

Answer Stats

Country% Correct
France
98%
Portugal
95%
Spain
95%
Denmark
93%
Italy
93%
Germany
92%
United Kingdom
92%
Greece
90%
Norway
90%
Russia
90%
Slovenia
90%
Sweden
90%
Albania
88%
Finland
88%
Poland
88%
Bosnia and Herzegovina
87%
Czech Republic
87%
Estonia
87%
Latvia
87%
Slovakia
87%
Ukraine
87%
Austria
85%
Ireland
85%
Lithuania
85%
North Macedonia
85%
Romania
85%
Serbia
85%
Switzerland
85%
Belarus
83%
Belgium
83%
Bulgaria
83%
Croatia
83%
Hungary
82%
Kosovo
82%
Netherlands
82%
Montenegro
78%
Iceland
73%
Moldova
70%

Score Distribution

Percentile by Number Answered

Percent of People with Each Score

Your Score History

You have not taken this quiz